Państwa Afryki - Pierwsza Litera - Statystyki

Ogólne statystyki
  • Ten quiz został rozwiązany 25 razy
  • Średni wynik to 12 z 54
Odpowiedzi na mapie
Odpowiedzi zakodowano w zielono-czerwonej skali na mapie do tego quizu, zgodnie z poniższymi procentami.
 
Statystyki odpowiedzi
Kraje % Poprawnych
Botswana
39%
Gabon
39%
Ghana
33%
Lesotho
33%
Senegal
33%
Eswatini
28%
Kongo
28%
Mali
28%
Mauretania
28%
Mauritius
28%
Republika Południowej Afryki
28%
Rwanda
28%
Tanzania
28%
Tunezja
28%
Uganda
28%
Algieria
22%
Angola
22%
Burundi
22%
Dżibuti
22%
Erytrea
22%
Etiopia
22%
Gambia
22%
Liberia
22%
Libia
22%
Madagaskar
22%
Malawi
22%
Namibia
22%
Niger
22%
Republika Środkowoafrykańska
22%
Sierra Leone
22%
Somalia
22%
Sudan
22%
Sudan Południowy
22%
Wyspy Świętego Tomasza i Książeca
22%
Zimbabwe
22%
Benin
17%
Demokratyczna Republika Konga
17%
Egipt
17%
Gwinea
17%
Kamerun
17%
Kenia
17%
Komory
17%
Maroko
17%
Seszele
17%
Wybrzeże Kości Słoniowej
17%
Burkina Faso
11%
Czad
11%
Gwinea Bissau
11%
Gwinea Równikowa
11%
Mozambik
11%
Nigeria
11%
Republika Zielonego Przylądka
11%
Togo
11%
Zambia
11%
Nie znaleziono quizów pasujących do podanych kryteriów
Rozkład punktacji
Procent ludzi z każdym wynikiem
Percentyl według liczby udzielonych odpowiedzi
Twoja historia wyników
Nie rozwiązałeś tego quizu